[Event "ch-Paris Open"]
[Site "Paris FRA"]
[Date "2001.07.24"]
[Round "4"]
[White "Onkoud,A"]
[Black "Savchenko,S"]
[Result "1/2-1/2"]
[WhiteElo "2315"]
[BlackElo "2549"]

1.e4 c5 2.Nf3 d6 3.d4 cxd4 4.Nxd4 Nf6 5.Nc3 a6 6.f3 e5 7.Nb3 Be6 8.Be3 Be7
9.Qd2 O-O 10.g4 d5 11.Bc5 d4 12.Ne2 Nc6 13.Ng3 Rc8 14.Bd3 Nd7 15.Bxe7 Qxe7
16.Nf5 Bxf5 17.gxf5 Nb4 18.O-O Nf6 19.Kh1 Nh5 20.Rg1 g6 21.a3 Nxd3 22.cxd3 Kh8
23.Rg4 gxf5 24.exf5 Qf6 25.Rag1 Qxf5 26.Qg2 f6 27.Nc5 b6 28.Ne4 Qe6 29.Qh3 Ng7
30.Nd6 Rc7 31.Qh6 f5 32.Rg6 Qg8 33.Nc4 e4 34.Ne5 Re8 35.f4 exd3 36.Rd6 Re6
37.Ng6+ Rxg6 38.Rdxg6 d2 39.R6g2 Rc1 40.Qxg7+ Qxg7 41.Rxg7 h6 42.Rg8+ Kh7
43.Rg7+ Kh8 44.Rg6 Kh7  1/2-1/2

[Event "Czech Open"]
[Site "Pardubice CZE"]
[Date "2001.07.28"]
[Round "9"]
[White "Gunnarsson,J"]
[Black "Stocek,J"]
[Result "1/2-1/2"]
[WhiteElo "2404"]
[BlackElo "2530"]

1.e4 c5 2.Nf3 d6 3.d4 cxd4 4.Nxd4 Nf6 5.Nc3 a6 6.f3 Qb6 7.Nb3 e6 8.Qe2 Qc7
9.Be3 b5 10.O-O-O Nbd7 11.g4 b4 12.Nb1 h6 13.h4 a5 14.Nd4 Ba6 15.Qd2 Bxf1
16.Rhxf1 Rb8 17.g5 hxg5 18.hxg5 Nh5 19.g6 Nhf6 20.Qg2 Ne5 21.Nd2 a4 22.Kb1 a3
23.f4 Neg4 24.Bg1 e5 25.gxf7+ Qxf7 26.Nf5 axb2 27.Nb3 Qc4 28.Rxd6 Qxe4 29.Qxe4 Nxe4
30.Rd3 g6 31.Ne3 Nxe3 32.Rxe3 Nc3+ 33.Kxb2 e4 34.Nd2 Bg7 35.Kb3 O-O 36.Nxe4 Nd5
37.Rd3 Nxf4 38.Rdf3 Nd5 39.Rxf8+ Rxf8 40.Rxf8+ Kxf8 41.Bc5+ Kf7 42.Bxb4 Nxb4
43.Kxb4 Ke6 44.a4 Kd5 45.Nf2 Bd4 46.Ng4 Kc6 47.Kc4 Bg7 48.a5 g5 49.Ne3 Be5
50.Ng4  1/2-1/2

[Event "Czech Open"]
[Site "Pardubice CZE"]
[Date "2001.07.28"]
[Round "9"]
[White "Cioara,A"]
[Black "Fontaine,R"]
[Result "1-0"]
[WhiteElo "2403"]
[BlackElo "2452"]

1.e4 c5 2.Nf3 d6 3.d4 cxd4 4.Nxd4 Nf6 5.Nc3 a6 6.f3 e5 7.Nb3 Be6 8.Be3 Be7
9.Qd2 Nbd7 10.g4 h6 11.O-O-O b5 12.h4 Nb6 13.Qf2 Rb8 14.Kb1 Qc7 15.Rh2 Na4
16.Nd5 Bxd5 17.exd5 O-O 18.g5 Nh5 19.f4 exf4 20.Bd4 Nc5 21.Qf3 g6 22.Bh3 Nxb3
23.axb3 f5 24.gxf6 Bxf6 25.Rg2 Qg7 26.Bg4 Ng3 27.Qxf4 Bxd4 28.Qxd4 Nf5 29.Bxf5 Rxf5
30.Qe4 Qf6 31.Rdg1 Kf7 32.Rxg6 Qxg6 33.Rxg6 Kxg6 34.c4 Rf8 35.c5 Kg7 36.cxd6 R5f7
37.h5 Rb7 38.d7 Rbb8 39.Qg6+ Kh8 40.Qxh6+ Kg8 41.Qg6+ Kh8 42.h6 Rg8 43.Qf7 b4
44.h7 Rgf8 45.Qe7 a5 46.Kc2 Rbe8 47.Kd3 Ra8 48.Kd4 Rab8 49.Kc5 Ra8 50.Kc6 a4
51.bxa4 b3 52.Qxf8+  1-0

[Event "Keres Mem Open"]
[Site "Tallinn EST"]
[Date "2001.07.28"]
[Round "6"]
[White "Seeman,T"]
[Black "Krupenski,Y"]
[Result "1-0"]
[WhiteElo "2440"]
[BlackElo "2231"]

1.e4 c5 2.Nf3 d6 3.d4 cxd4 4.Nxd4 Nf6 5.Nc3 a6 6.f3 Nc6 7.Nb3 e6 8.Be3 Be7
9.Qd2 O-O 10.O-O-O b5 11.g4 Nd7 12.h4 Nb6 13.g5 b4 14.Bxb6 bxc3 15.Qe3 cxb2+
16.Kb1 Qe8 17.h5 e5 18.g6 Be6 19.gxh7+ Kh8 20.Rg1 Nb4 21.Ba5 Qa4 22.Bxb4 Qxb4
23.f4 exf4 24.Qxf4 a5 25.Bd3 a4 26.Rxg7 Kxg7 27.Rg1+ Kh8 28.Qh6 Qc3 29.e5 Bg5
30.Qxg5 Qxe5 31.Qh6 f5 32.Nd2 Rf7 33.Nf3 Qd5 34.Kxb2 Rb8+ 35.Kc1 Qxf3 36.Qg5 Qg4
37.Rxg4 fxg4 38.a3 Rg7 39.Qf6  1-0

[Event "MTO"]
[Site "Biel SUI"]
[Date "2001.08.02"]
[Round "10"]
[White "Riazantsev,A"]
[Black "Rashkovsky,N"]
[Result "1/2-1/2"]
[WhiteElo "2509"]
[BlackElo "2497"]

1.e4 c5 2.Nf3 d6 3.d4 cxd4 4.Nxd4 Nf6 5.Nc3 a6 6.f3 e6 7.Be3 b5 8.g4 h6 9.Qd2 b4
10.Nce2 e5 11.Nb3 d5 12.exd5 Qxd5 13.Bg2 Qxd2+ 14.Nxd2 Bb7 15.O-O Nbd7 16.h3 Nd5
17.Bf2 Rc8 18.Rfc1 Be7 19.Ne4 O-O 20.c4 bxc3 21.N4xc3 Nb4 22.Rd1 Nc5 23.f4 e4
24.Rd2 Nbd3  1/2-1/2

[Event "FSGM August"]
[Site "Budapest HUN"]
[Date "2001.08.05"]
[Round "2"]
[White "Dembo,Y"]
[Black "Szeberenyi,A"]
[Result "1/2-1/2"]
[WhiteElo "2391"]
[BlackElo "2417"]

1.e4 c5 2.Nf3 d6 3.d4 cxd4 4.Nxd4 Nf6 5.Nc3 a6 6.f3 Nc6 7.Be3 d5 8.exd5 Nxd5
9.Nxd5 Qxd5 10.Nxc6 Qxc6 11.Bd3 e5 12.O-O Bc5 13.Qe2 O-O 14.Rfe1 Re8 15.Rad1 Be6
16.Bxc5 Qxc5+ 17.Kh1 Bd5 18.a3 Bc6 19.c4 a5 20.Qc2 g6 21.Qc3 a4 22.Qb4 b6
23.Bc2 Rad8 24.Be4 Qxb4 25.axb4 Bxe4 26.fxe4 Rd4 27.Rxd4 exd4 28.Kg1 d3 29.c5 d2
30.Rd1 Rxe4 31.Rxd2 Rxb4 32.cxb6 Rxb6 33.Rd4 Ra6 34.Rd3 Rb6 35.Rd4 Rxb2 36.Rxa4 g5
37.h4 h6 38.hxg5 hxg5 39.Kh2 Kg7 40.Kg3 Rb3+ 41.Kf2 f5 42.Ra6 Rb4 43.Kf3 Rb3+
44.Kf2 Rb4 45.Kf3 Kf7 46.Rc6 Re4 47.Ra6 Re6 48.Ra3 Kg6 49.g3 Rb6 50.Ra2 Rb3+
51.Kf2 Rb4 52.Rc2 Kh5 53.Kg2 Kg4 54.Ra2 Rc4 55.Rb2 Ra4 56.Rc2 Ra3 57.Rc4+ Kh5
58.Rc2 Kg6 59.Kf2 Kf6 60.Re2 Rb3 61.Kg2 Rb4 62.Kf2 Re4 63.Ra2 Kg6 64.Rb2 Ra4
65.Rc2 Rb4 66.Kg2 Kh5  1/2-1/2

[Event "8th Open"]
[Site "Nice FRA"]
[Date "2001.08.06"]
[Round "1"]
[White "Delabaca,R"]
[Black "Mrdja,M"]
[Result "0-1"]
[WhiteElo "2120"]
[BlackElo "2399"]

1.e4 c5 2.Nf3 d6 3.d4 cxd4 4.Nxd4 Nf6 5.Nc3 a6 6.f3 e6 7.Be3 Nbd7 8.Qd2 b5
9.g4 h6 10.O-O-O Bb7 11.h4 b4 12.Na4 d5 13.Bh3 g5 14.hxg5 hxg5 15.e5 Nxe5
16.Bxg5 Rg8 17.Qf4 Ng6 18.Nxe6 fxe6 19.Qxf6 Qd6 20.Rhe1 Bc8 21.Qd4 Rb8 22.Qxd5 Qxd5
23.Rxd5 Ne7 24.Bxe7 Bxe7 25.Rh5 Rb5 26.c4 bxc3 27.Rxb5 axb5 28.Nxc3 Bd7 29.Bf1 b4
30.Ne4 Rf8 31.Bg2 Bc6 32.Kd2 Bd5 33.b3 Kd7 34.Ke3 e5 35.Rd1 Ke6 36.Bf1 Rc8
37.Bd3 Bd8 38.Rh1 Ra8 39.Rh5 Ke7 40.Rh2 Bb6+ 41.Kd2 Rxa2+ 42.Bc2 Bxb3 43.Kc1 Bg8
44.Rh8 Be3+ 45.Kb1 Bd4 46.Bd3 b3 47.Kc1 b2+ 48.Kc2 Ra1 49.Kd2 Bc4 50.Rh7+ Kd8
51.Rh8+ Kc7 52.Rh7+ Kb6 53.Rh6+ Ka5 54.Bc2 Bb3  0-1

[Event "Slavonija"]
[Site "Vukovar CRO"]
[Date "2001.08.06"]
[Round "5"]
[White "Zivkovic,Vj"]
[Black "Feletar,D"]
[Result "0-1"]
[WhiteElo "2356"]
[BlackElo "2441"]

1.Nf3 d6 2.e4 Nf6 3.Nc3 c5 4.d4 cxd4 5.Nxd4 a6 6.Be3 Ng4 7.Bc1 Nf6 8.f3 e6
9.Be3 b5 10.Qd2 Bb7 11.g4 h6 12.O-O-O Nbd7 13.h4 b4 14.Na4 d5 15.Bh3 g5 16.hxg5 hxg5
17.e5 Nxe5 18.Bxg5 Be7 19.Qe2 Nc4 20.Nf5 Bf8 21.Qxc4 dxc4 22.Rxd8+ Rxd8 23.Bxf6 Bxf3
24.Bxh8 Bxh1 25.Bf6 exf5 26.Bxd8 fxg4 27.Bxg4 Kxd8 28.Nb6 c3 29.b3 Be4 30.Be2 Kc7
31.Na4 a5 32.a3 f5 33.axb4 axb4  0-1

[Event "I American Continental"]
[Site "Cali COL"]
[Date "2001.08.11"]
[Round "2"]
[White "Contreras,H"]
[Black "Oblitas,C"]
[Result "1-0"]
[WhiteElo "2263"]
[BlackElo "2411"]

1.e4 c5 2.Nf3 d6 3.d4 cxd4 4.Nxd4 Nf6 5.Nc3 a6 6.f3 e5 7.Nb3 Be6 8.Be3 Be7
9.Qd2 O-O 10.O-O-O b5 11.g4 b4 12.Na4 Nc6 13.Nb6 Rb8 14.g5 Ne8 15.Nd5 a5
16.Kb1 Nc7 17.h4 a4 18.Nc1 Nb5 19.Bxb5 Rxb5 20.Nxe7+ Qxe7 21.Qxd6 Qb7 22.b3 Qc8
23.Qd3 Ra5 24.h5 Rd8 25.Qe2 Nd4 26.Qf2 Rc5 27.Rd2 Qc7 28.Rhd1 axb3 29.axb3 Ra5
30.Bxd4 exd4 31.Rxd4 Rf8 32.Qd2 g6 33.h6 Qa7 34.Qxb4 Rxg5 35.Rd8 Qc5 36.Qb8 Bc8
37.R1d6 Re5 38.Rc6 Qxc6 39.Qxe5 f6 40.Qe7  1-0

[Event "I American Continental"]
[Site "Cali COL"]
[Date "2001.08.14"]
[Round "5"]
[White "Abreu,A"]
[Black "Contreras,H"]
[Result "1/2-1/2"]
[WhiteElo "2488"]
[BlackElo "2263"]

1.e4 c5 2.Nf3 d6 3.d4 cxd4 4.Nxd4 Nf6 5.Nc3 a6 6.f3 e6 7.Be3 b5 8.g4 b4 9.Nce2 h6
10.Qd2 e5 11.Nf5 d5 12.O-O-O Qa5 13.Kb1 Be6 14.Nc1 d4 15.Bf2 g6 16.Ng3 Nbd7
17.h4 Nc5 18.Nb3 Qb6 19.Nxc5 Bxc5 20.Bh3 a5 21.g5 Bxh3 22.Rxh3 hxg5 23.Qxg5 Qe6
24.f4 Be7 25.f5 Nxe4 26.Nxe4 gxf5 27.Qg7 O-O-O 28.Ng5 Qd5 29.Qxf7 Bxg5 30.Qxf5+ Qd7
31.Qxe5 Qxh3 32.Bg3 Kb7 33.Qc7+ Ka6 34.Qc6+ Ka7 35.Qc5+ Ka6 36.Qc6+ Ka7 37.Bc7 Rh6
38.Qc5+ Kb7 39.Qxg5 Qf3 40.Rc1 Rdh8 41.Bxa5 Qc6 42.Bxb4 Rxh4 43.Be1 R4h7
44.Bf2 Rd7 45.Bxd4 Rh2 46.Qc5 Rc7 47.Qxc6+ Rxc6 48.b3 Rd2 49.Bb2 Re2 50.a4 Rc8
51.Be5 Rd2 52.c3 Rcd8 53.Rc2  1/2-1/2

[Event "7th Stage Russian Cup"]
[Site "Togliatty RUS"]
[Date "2001.08.14"]
[Round "7"]
[White "Blatov,I"]
[Black "Petukhov,D"]
[Result "0-1"]
[WhiteElo "2409"]
[BlackElo "2095"]

1.e4 c5 2.Nf3 d6 3.d4 cxd4 4.Nxd4 Nf6 5.Nc3 a6 6.f3 e5 7.Nb3 Be7 8.Be3 O-O
9.Qd2 Be6 10.Nd5 Bxd5 11.exd5 b5 12.a4 b4 13.a5 Nbd7 14.Bc4 Qc7 15.Qe2 e4
16.f4 h5 17.O-O Ng4 18.Bd4 Bf6 19.Kh1 Rfe8 20.Bxa6 Bxd4 21.Nxd4 Qa7 22.Bb5 Qxd4
23.Bxd7 Re7 24.Bc6 Raa7 25.b3 e3 26.a6 Nf2+ 27.Kg1 h4 28.Bb7 h3 29.Rab1 hxg2
30.Rxf2 exf2+ 31.Qxf2 Qxf2+ 32.Kxf2 Rexb7 33.axb7 Rxb7 34.Re1 Rc7 35.Re2 Kh7
36.Kxg2 Kg6 37.Kf3 Kf5 38.c4 bxc3 39.Rc2 g6 40.Ke3 Re7+ 41.Kd4 Kxf4 42.Rf2+ Kg4
43.Kxc3 f5 44.Rg2+ Kh5 45.b4 f4 46.b5 f3 47.Rf2 Kg4 48.b6 Kf4 49.Rb2 Ke3
50.Kc4 f2 51.Rxf2 Kxf2 52.Kb5 Re1 53.Kc6 Rb1 54.b7 Ke3 55.Kxd6 Rxb7 56.Ke6 Rh7  0-1

[Event "TCh-ESP Div 2"]
[Site "Vila Real ESP"]
[Date "2001.08.14"]
[Round "2"]
[White "Almagro Llanas,P"]
[Black "Villavicencio,A"]
[Result "1/2-1/2"]
[WhiteElo "2272"]
[BlackElo "2320"]

1.e4 c5 2.Nf3 d6 3.d4 cxd4 4.Nxd4 Nf6 5.Nc3 a6 6.f3 e5 7.Nb3 Be6 8.Be3 Nbd7
9.Qd2 Be7 10.O-O-O O-O 11.g4 Rc8 12.Kb1 Qc7 13.h4 b5 14.g5 Nh5 15.Nd5 Bxd5
16.exd5 Nb6 17.Na5 Nxd5 18.Qxd5 Qxa5 19.Bh3 Rc4 20.Bg4 Nf4 21.Qb7 Rc7 22.Qe4 Rc4
23.Qb7 Rc7 24.Qe4 Rc4 25.Qb7  1/2-1/2

[Event "TCh-Rep. Srpska"]
[Site "Jahorina BIH"]
[Date "2001.08.15"]
[Round "5"]
[White "Gvozdenovic,Z"]
[Black "Benderac,S"]
[Result "0-1"]
[WhiteElo "2215"]
[BlackElo "2365"]

1.e4 c5 2.Nf3 d6 3.d4 cxd4 4.Nxd4 Nf6 5.Nc3 a6 6.f3 e5 7.Nb3 Be6 8.Be3 Nbd7
9.Qd2 Be7 10.O-O-O b5 11.Kb1 Nb6 12.Qf2 Nfd7 13.g4 O-O 14.h4 Qc7 15.g5 b4
16.Nd5 Bxd5 17.exd5 a5 18.Nc1 a4 19.Qd2 Rfc8 20.Bb5 a3 21.Bxd7 axb2 22.Bc6 bxc1=Q+
23.Rxc1 Na4 24.c4 bxc3 25.Rxc3 Nxc3+ 26.Qxc3 Ra5 27.Rd1 Rb8+ 28.Ka1 g6 29.Rc1 Bf8
30.Bd2 Rc5 31.Qe3 Qb6 32.Bc3 Rxc6  0-1

[Event "TCh-ESP Div 2"]
[Site "Vila Real ESP"]
[Date "2001.08.16"]
[Round "4"]
[White "Navarro Cia,M"]
[Black "Candela Perez,J"]
[Result "1/2-1/2"]
[WhiteElo "2288"]
[BlackElo "2410"]

1.e4 c5 2.Nf3 d6 3.d4 cxd4 4.Nxd4 Nf6 5.Nc3 a6 6.f3 Qb6 7.Nb3 e6 8.g4 h6
9.Qe2 Qc7 10.Be3 b5 11.O-O-O Bb7 12.Qf2 Nbd7 13.Bd3 b4 14.Na4 d5 15.Nb6 Nxb6
16.Bxb6 Qf4+ 17.Be3 Qc7 18.Bb6 Qf4+ 19.Be3 Qc7 20.Bb6  1/2-1/2

[Event "WJun"]
[Site "Athens GRE"]
[Date "2001.08.20"]
[Round "5"]
[White "Kristjansson,S"]
[Black "Aronian,L"]
[Result "0-1"]
[WhiteElo "2380"]
[BlackElo "2562"]

1.e4 c5 2.Nf3 d6 3.d4 Nf6 4.Nc3 cxd4 5.Nxd4 a6 6.f3 e5 7.Nb3 Be6 8.Be3 Nbd7
9.g4 b5 10.Qd2 Nb6 11.g5 Nfd7 12.Nd5 Bxd5 13.exd5 Qc7 14.O-O-O Rc8 15.Kb1 Be7
16.Qd3 Nc4 17.Bc1 a5 18.h4 a4 19.Nd2 Ne3 20.Ne4 Nxd1 21.Qxd1 Rb8 22.h5 b4
23.Bh3 Nc5 24.g6 fxg6 25.hxg6 hxg6 26.Nxc5 Qxc5 27.Qd3 Kd8 28.Be3 Qc8 29.Qf1 Qb7
30.Rh2 Qb5 31.Qd1 b3 32.cxb3 axb3 33.a3 Rh4 34.Bf2 Rh5 35.Bf1 Qd7 36.Rxh5 gxh5
37.Bd3 h4 38.Qg1 Bf6 39.Qg6 Qh3 40.Kc1 Qxf3 41.Ba7 Rb7 42.Bg1 Qg3  0-1

[Event "WJun Women"]
[Site "Athens GRE"]
[Date "2001.08.23"]
[Round "7"]
[White "Papp,Ju"]
[Black "Sergeeva,M"]
[Result "1/2-1/2"]
[WhiteElo "2121"]
[BlackElo "2327"]

1.e4 c5 2.Nf3 d6 3.d4 cxd4 4.Nxd4 Nf6 5.Nc3 a6 6.f3 e6 7.Be3 b5 8.Qd2 Nbd7
9.O-O-O b4 10.Nce2 d5 11.exd5 Nxd5 12.Nf4 Nxe3 13.Qxe3 Bc5 14.Qe4 Qg5 15.Qxa8 Qxf4+
16.Kb1 O-O 17.Nb3 Bf2 18.Bd3 Ne5 19.g3 Qf6 20.Qe4 g6 21.f4 Ng4 22.Qe2 e5
23.h3 exf4 24.gxf4 Qxf4 25.Rhf1 Qg3 26.hxg4 Bxg4 27.Qe7 Bxd1 28.Rxd1 h5 29.Nd2 Bd4
30.Qxb4 Bg7 31.Nc4 Rb8 32.Qe7 h4 33.Rf1 f5 34.Qe6+ Kh7 35.Bxf5 gxf5 36.Qxf5+ Kg8
37.Qd5+ Kh8 38.Qh5+ Kg8 39.Qf7+ Kh7 40.Qh5+ Kg8 41.Qf7+  1/2-1/2

[Event "Open"]
[Site "Lisbon POR"]
[Date "2001.08.25"]
[Round "5"]
[White "Reinaldo Castineira,R"]
[Black "Palac,M"]
[Result "0-1"]
[WhiteElo "2403"]
[BlackElo "2578"]

1.e4 c5 2.Nf3 d6 3.d4 cxd4 4.Nxd4 Nf6 5.Nc3 a6 6.f3 e6 7.Be3 b5 8.g4 Nfd7
9.Qd2 Nb6 10.Bd3 N8d7 11.Qf2 Bb7 12.f4 Be7 13.O-O-O O-O 14.h4 Rc8 15.g5 Nc5
16.Qg2 d5 17.e5 Nc4 18.Qh3 Qa5 19.Bxh7+ Kxh7 20.h5 Rh8 21.g6+ Kg8 22.gxf7+ Kxf7
23.Nxe6 Nxe3 24.Nxc5 Rxc5 25.Qxe3 b4 26.Qg3 Rh6 27.Rhg1 Bf8 28.Ne4 dxe4 29.Rd7+ Ke8
30.Rxb7 Qd8 31.Qb3 Qd5 32.Rb8+ Kf7 33.Qh3 Qe6 34.Qg2 Rxh5 35.Rb7+ Ke8 36.Rb8+ Ke7
37.Rb7+ Kd8 38.Rd1+ Kc8 39.Qxe4 Qc6 40.Qxc6+ Rxc6 41.Rf7 Bc5 42.Re1 Rc7 43.Rxc7+ Kxc7
44.Kd2 Kc6 45.Re2 Kd5 46.Rg2 Ke4 47.c3 Rh7 48.cxb4 Bxb4+ 49.Kc2 Kxf4 50.Rg6 Rh2+
51.Kb3 Bc5 52.Rxa6 Rxb2+ 53.Kc4 g5 54.a4 g4 55.Rg6 g3  0-1

[Event "Rubinstein Open"]
[Site "Polanica Zdroj POL"]
[Date "2001.08.25"]
[Round "10"]
[White "Flasinski,M"]
[Black "Puszczewicz,K"]
[Result "1-0"]
[WhiteElo "2108"]
[BlackElo "2199"]

1.e4 c5 2.Nf3 d6 3.d4 cxd4 4.Nxd4 Nf6 5.Nc3 a6 6.f3 e5 7.Nb3 Be6 8.Be3 Nc6
9.Qd2 d5 10.exd5 Nxd5 11.Nxd5 Qxd5 12.Qxd5 Bxd5 13.O-O-O O-O-O 14.Bd3 Be6
15.Nc5 Bxc5 16.Bxc5 Kc7 17.b3 g6 18.c3 Rd5 19.Be3 Rhd8 20.Be4 Rxd1+  1-0

[Event "Rubinstein Open"]
[Site "Polanica Zdroj POL"]
[Date "2001.08.25"]
[Round "10"]
[White "Krzesaj,R"]
[Black "Andrzejewska,E"]
[Result "0-1"]
[WhiteElo "2073"]
[BlackElo "2216"]

1.e4 c5 2.Nf3 d6 3.d4 cxd4 4.Nxd4 Nf6 5.Nc3 a6 6.f3 Nc6 7.Be3 e5 8.Nb3 Be6
9.Qd2 Be7 10.Nd5 Bxd5 11.exd5 Nb8 12.c4 Nbd7 13.Na5 Qc7 14.b4 O-O 15.Be2 Rfe8
16.O-O Bf8 17.Rac1 b6 18.Nc6 Nb8 19.b5 a5 20.Bd3  0-1

[Event "EYCC B16"]
[Site "Halkidiki GRE"]
[Date "2001.09.01"]
[Round "2"]
[White "Bartel,Mat"]
[Black "L'Ami,E"]
[Result "1-0"]
[WhiteElo "2409"]
[BlackElo "2275"]

1.e4 c5 2.Nf3 d6 3.d4 cxd4 4.Nxd4 Nf6 5.Nc3 a6 6.f3 e5 7.Nb3 Be6 8.Be3 Nbd7
9.g4 b5 10.Qd2 Nb6 11.g5 Nfd7 12.Nd5 Rc8 13.O-O-O Bxd5 14.exd5 Nc4 15.Qf2 Be7
16.h4 Nxe3 17.Qxe3 h6 18.g6 fxg6 19.Qe4 O-O 20.Qxg6 Rf6 21.Qg3 Rf4 22.Bh3 Kh8
23.Rdg1 Bf6 24.Be6 Rc7 25.Nd2 Nc5 26.Ne4 Nxe6 27.dxe6 Rxh4 28.Qg6 Rf4 29.Nxd6 Bh4
30.Nf7+  1-0

[Event "EYCC G16"]
[Site "Halkidiki GRE"]
[Date "2001.09.03"]
[Round "4"]
[White "Vega Gutierrez,B"]
[Black "Matseyko,K"]
[Result "0-1"]
[WhiteElo "2053"]
[BlackElo "2146"]

1.e4 c5 2.Nf3 d6 3.d4 cxd4 4.Nxd4 Nf6 5.Nc3 a6 6.f3 Nc6 7.Be3 e6 8.Qd2 Be7
9.O-O-O O-O 10.g4 Nxd4 11.Bxd4 Nd7 12.h4 b5 13.g5 Bb7 14.Bd3 Ne5 15.Qf2 Nxd3+
16.Rxd3 b4 17.Ne2 Qa5 18.Kb1 Qb5 19.Ng3 Rfd8 20.Re1 Bf8 21.f4 e5 22.Bb6 exf4
23.Nh5 Re8 24.Bd4 Bxe4 25.Rd2 Rac8 26.Rg1 Qf5 27.b3 Rc7 28.Kb2 Rec8 29.Rc1 Rc3
30.Kb1 Rf3 31.Qe1 d5 32.Rf2 Qg4  0-1

[Event "EYCC B14"]
[Site "Halkidiki GRE"]
[Date "2001.09.04"]
[Round "5"]
[White "Czarnota,P"]
[Black "Baramidze,D"]
[Result "0-1"]
[WhiteElo "2068"]
[BlackElo "2338"]

1.e4 c5 2.Nf3 d6 3.d4 cxd4 4.Nxd4 Nf6 5.Nc3 a6 6.f3 e5 7.Nb3 Be6 8.Be3 Be7
9.Qd2 Nbd7 10.g4 h6 11.O-O-O b5 12.Kb1 Nb6 13.Qf2 Nc4 14.Bxc4 bxc4 15.Nc5 O-O
16.h4 Qc7 17.N5a4 Nd7 18.Qg3 Qc6 19.Rd2 Rab8 20.a3 Rb7 21.Ka1 Rb5 22.Qg1 Rfb8
23.g5 h5 24.Nd1 Rxb2 25.Ndxb2 c3 26.Rd3 cxb2+ 27.Nxb2 Qxc2 28.Rh2 Qc6 29.Qd1 Nc5
30.Bxc5 dxc5 31.Rc3 c4 32.Qc1 Bc5 33.Rxc4 Bxc4 34.Qxc4 Qb6 35.g6 Bxa3 36.gxf7+ Kf8
37.Qa4 Bxb2+  0-1

[Event "EYCC B14"]
[Site "Halkidiki GRE"]
[Date "2001.09.04"]
[Round "5"]
[White "Lo Curto,E"]
[Black "Luch,M"]
[Result "1/2-1/2"]
[WhiteElo "2091"]
[BlackElo "2115"]

1.e4 c5 2.Nf3 d6 3.d4 cxd4 4.Nxd4 Nf6 5.Nc3 a6 6.f3 e6 7.Be3 b5 8.g4 Bb7
9.Qd2 Nfd7 10.O-O-O Nb6 11.Bg5 Be7 12.Bxe7 Qxe7 13.Nb3 d5 14.Qd4 N8d7 15.Na5 O-O-O
16.Nxb7 Kxb7 17.exd5 e5 18.Qd2 Nf6 19.d6 Qe6 20.f4 Nxg4 21.Bg2+ Kb8 22.b3 exf4
23.Qxf4 Qe3+ 24.Qxe3 Nxe3 25.Rd2 Nxg2 26.Rxg2 g6 27.Rd1 Rhe8 28.Rgd2 Rd7
29.Rd4 f5 30.a4 bxa4 31.Nxa4 Nxa4 32.Rxa4 Re6 33.Rb4+ Ka7 34.Rbd4 Kb6 35.R1d3 Kc6
36.Rc3+ Kb5  1/2-1/2

[Event "EYCC G16"]
[Site "Halkidiki GRE"]
[Date "2001.09.06"]
[Round "6"]
[White "Pogonina,N"]
[Black "Motoc,A"]
[Result "1/2-1/2"]
[WhiteElo "2265"]
[BlackElo "2226"]

1.e4 c5 2.Nf3 d6 3.d4 cxd4 4.Nxd4 Nf6 5.Nc3 a6 6.f3 e5 7.Nb3 Be6 8.Be3 Nbd7
9.g4 h6 10.Qd2 Be7 11.O-O-O b5 12.Kb1 Nb6 13.Qf2 Rb8 14.h4 b4 15.Ne2 Nc4
16.Bc1 a5 17.Ng3 a4 18.Bxc4 Bxc4 19.Nd2 Be6 20.Nf5 O-O 21.g5 Nh5 22.Rdg1 b3
23.cxb3 axb3 24.Nxe7+ Qxe7 25.a3 Rfc8 26.gxh6 Qc7 27.Ka1 g6 28.Nb1 Qc2 29.Rg2 Kh7
30.Be3 d5 31.exd5 Bxd5 32.Re1 Qf5 33.Rg5 Qf6 34.Qh2 Bxf3 35.Qxe5 Re8 36.Qxf6 Nxf6
37.Rg3 Bd5 38.Nc3 Bc4 39.Rd1 Nh5 40.Rf3 Rbd8 41.Rxd8 Rxd8 42.Bg5 f6 43.Bc1 f5
44.Bg5 Re8 45.Re3 Rxe3 46.Bxe3 f4 47.Bf2 Bd3 48.a4 Kxh6 49.Nd5 Kg7 50.a5 Kf7
51.Nc7 Nf6 52.Bd4 f3 53.a6 Ng4 54.a7 Be4 55.a8=Q Bxa8 56.Nxa8 f2 57.Bxf2 Nxf2
58.Nc7 Kf6 59.Nd5+ Ke6 60.Nf4+ Kf5 61.h5 g5 62.h6 Kf6 63.h7 Kg7 64.Ne6+ Kxh7
65.Nxg5+ Kg6 66.Ne6  1/2-1/2

[Event "EYCC B14"]
[Site "Halkidiki GRE"]
[Date "2001.09.06"]
[Round "6"]
[White "Baramidze,D"]
[Black "Wojtaszek,R"]
[Result "1-0"]
[WhiteElo "2338"]
[BlackElo "2295"]

1.e4 c5 2.Nf3 d6 3.d4 cxd4 4.Nxd4 Nf6 5.Nc3 a6 6.f3 e6 7.Be3 b5 8.g4 h6 9.Qd2 b4
10.Nce2 e5 11.Nf5 d5 12.O-O-O Be6 13.Kb1 Nbd7 14.exd5 Nxd5 15.Bf2 Qa5 16.Nc1 Rd8
17.Nb3 Qa4 18.Bc4 Nf4 19.Bxe6 Nxe6 20.Nd6+ Bxd6 21.Qxd6 Nf6 22.Qxe5 O-O 23.Bh4 Qc6
24.Rxd8 Nxd8 25.Nd4 Qb6 26.Bxf6 Qxf6 27.Qxf6 gxf6 28.Re1 Kh7 29.Re7 Kg6 30.Kc1 Rh8
31.Ra7 h5 32.Ra8 hxg4 33.fxg4  1-0

[Event "EYCC B18"]
[Site "Halkidiki GRE"]
[Date "2001.09.06"]
[Round "6"]
[White "Perez Candelario,M"]
[Black "Sprenger,W"]
[Result "1-0"]
[WhiteElo "2376"]
[BlackElo "2233"]

1.e4 c5 2.Nf3 d6 3.d4 cxd4 4.Nxd4 Nf6 5.Nc3 a6 6.Be3 Ng4 7.Bc1 Nf6 8.f3 e6
9.Be3 Be7 10.Qd2 O-O 11.O-O-O b5 12.g4 Bb7 13.h4 Nfd7 14.g5 b4 15.Nce2 d5
16.h5 dxe4 17.g6 Ne5 18.Nf4 Nbd7 19.h6 fxg6 20.hxg7 Rf7 21.Nfxe6 Qa5 22.Rxh7 Rf6
23.Qh2 Rxe6 24.Nxe6 Qxa2 25.Rh8+ Kf7 26.g8=Q+ Rxg8 27.Qh7+ Kf6 28.Bg5+  1-0

[Event "EYCC G14"]
[Site "Halkidiki GRE"]
[Date "2001.09.06"]
[Round "6"]
[White "Melia,S"]
[Black "Zawadzka,J"]
[Result "1-0"]
[WhiteElo "2220"]
[BlackElo "2064"]

1.e4 c5 2.Nf3 d6 3.d4 cxd4 4.Nxd4 Nf6 5.Nc3 a6 6.f3 e5 7.Nb3 Be6 8.Be3 Nbd7
9.Qd2 b5 10.g4 Nb6 11.Qf2 Nfd7 12.O-O-O Rc8 13.Kb1 Qc7 14.h4 Nc4 15.Bxc4 bxc4
16.Nc1 Be7 17.g5 Rb8 18.Nd5 Bxd5 19.Rxd5 O-O 20.Rhd1 f5 21.Qe2 fxe4 22.fxe4 Nb6
23.Bxb6 Qxb6 24.b3 Rbc8 25.Qg4 Kh8 26.R5d2 Qb4 27.Rf2 Qc3 28.Rxf8+ Rxf8 29.Qd7 cxb3
30.axb3 Rc8 31.Rd2 Bf8 32.Na2 Qc5 33.Rf2 a5 34.Nc1 Rb8 35.Qb7 Qxf2 36.Qxb8 Kg8
37.h5 Qf4 38.g6 hxg6 39.hxg6 Qxe4 40.Qe8 Qf5 41.Ne2 Qf6 42.c4 Qe7 43.Qc6 Qh4
44.Qf3 Qe1+ 45.Kc2  1-0

[Event "EYCC B16"]
[Site "Halkidiki GRE"]
[Date "2001.09.08"]
[Round "8"]
[White "Mamedov,N"]
[Black "Grachev,B"]
[Result "1-0"]
[WhiteElo "2401"]
[BlackElo "2407"]

1.e4 c5 2.Nf3 d6 3.d4 cxd4 4.Nxd4 Nf6 5.Nc3 a6 6.f3 e6 7.Be3 b5 8.Qd2 Bb7
9.O-O-O Nc6 10.g4 Rc8 11.Bd3 Ne5 12.g5 Nfd7 13.Kb1 Be7 14.h4 O-O 15.h5 b4
16.Nce2 d5 17.g6 Nxf3 18.Nxf3 dxe4 19.Bxa6 Bxa6 20.Nfd4 Ne5 21.Nf4 h6 22.Qg2 Qa5
23.Nb3 Qa4 24.Bd4 Bf6 25.gxf7+ Rxf7 26.Nxe6 Ra8 27.Nc1 Qc6 28.Bxe5 Qxe6 29.Bxf6 Qxf6
30.Rhg1 Re8 31.Qh2 Bc4 32.b3 Be6 33.Rg6 Qe7 34.Rg3 Qc5 35.Rdg1 Kh8 36.Qd2 Rf2
37.Ne2 Qe5 38.Rxg7 e3 39.Qxb4 Rxe2 40.Qb7  1-0

[Event "Mitropa Cup"]
[Site "Saint Vincent ITA"]
[Date "2001.09.19"]
[Round "5"]
[White "Zaragatski,I"]
[Black "Guidarelli,L"]
[Result "1/2-1/2"]
[WhiteElo "2248"]
[BlackElo "2323"]

1.e4 c5 2.Nf3 d6 3.d4 cxd4 4.Nxd4 Nf6 5.Nc3 a6 6.f3 e5 7.Nb3 Be6 8.Be3 h5
9.Qd2 Nbd7 10.Nd5 Bxd5 11.exd5 g6 12.c4 Bg7 13.Na5 Qc7 14.Be2 e4 15.O-O exf3
16.Bxf3 Ne5 17.Rac1 Nxf3+ 18.Rxf3 Ne4 19.Qd3 f5 20.b4 O-O 21.Nb3 Rae8 22.c5 Rf7
23.a4 Nf6 24.Bf4 Re4 25.Bxd6 Qd7 26.b5 Rxa4 27.b6 Rb4 28.Kh1 Rxb6 29.cxb6 Qxd6
30.Nd2 Ng4 31.g3 Qxb6 32.Rc8+ Kh7 33.Kg2 Ne5 34.Qb3 Qd4 35.Rf2 Nd3 36.Re2 Ne1+
37.Kh1 f4 38.Rxe1 Qxd2 39.Qd1 Qa5 40.gxf4 Rxf4 41.Re7 Qb5 42.Rc1 Kh6 43.d6 Rf2
44.Qe1 Qb2 45.Qe3+ g5 46.Re6+ Bf6 47.Rxf6+ Qxf6 48.d7 Rf4 49.Rc8 Rd4 50.Qxd4 Qf1+  1/2-1/2

[Event "ECC"]
[Site "Panormo GRE"]
[Date "2001.09.23"]
[Round "1"]
[White "Thorhallsson,T"]
[Black "Hracek,Z"]
[Result "1/2-1/2"]
[WhiteElo "2456"]
[BlackElo "2610"]

1.e4 c5 2.Nf3 d6 3.d4 cxd4 4.Nxd4 Nf6 5.Nc3 a6 6.f3 e5 7.Nb3 Be6 8.Be3 Be7
9.Qd2 O-O 10.O-O-O Qc7 11.g4 Rc8 12.g5 Nh5 13.Nd5 Bxd5 14.exd5 Nd7 15.Bh3 a5  1/2-1/2

[Event "ch-POL w"]
[Site "Brzeg Dolny POL"]
[Date "2001.09.30"]
[Round "6"]
[White "Zawadzka,J"]
[Black "Andrzejewska,E"]
[Result "1/2-1/2"]
[WhiteElo "2064"]
[BlackElo "2216"]

1.e4 c5 2.Nf3 d6 3.d4 cxd4 4.Nxd4 Nf6 5.Nc3 a6 6.f3 e5 7.Nb3 Be6 8.Be3 h5
9.Qd2 Nbd7 10.O-O-O Rc8 11.Kb1 Be7 12.f4 Bg4 13.Be2 Rxc3 14.Bxg4 Nxe4 15.Bxd7+ Qxd7
16.Qe1 Rc8 17.fxe5 d5 18.Qa5 b5 19.Qxa6 O-O 20.Qa7 Rc7 21.Qd4 Rd8 22.Rhf1 b4
23.Qd3 Rb7 24.Nd2 Nc5 25.Bxc5 Bxc5 26.Nb3 Be7 27.Qf5 Qe8 28.e6 Bf6 29.exf7+ Qxf7
30.Nd4 Ra8 31.Nb3 d4 32.Qe4 Rba7 33.Rxd4 Rxa2 34.Rd8+ Rxd8 35.Kxa2 Qa7+ 36.Kb1 Qa6
37.Re1 Kh8 38.Qg6 Qb5 39.Qe4 h4 40.g3 Qa4 41.Nc5 Qa7 42.Qf5 Qf7 43.Nd3 Ra8
44.Qc5 b3 45.cxb3 Qxb3 46.Qh5+ Kg8 47.Re8+ Rxe8 48.Qxe8+ Kh7 49.Qe4+ Kg8
50.gxh4 Bxh4 51.Qe8+ Kh7 52.Qh5+ Kg8 53.Qxh4 Qxd3+ 54.Ka2 Qd2 55.Ka3 g5 56.Qc4+ Kh7
57.Qc7+ Kh6 58.b4 Qd3+ 59.Ka4 Qd1+ 60.Ka5 Qa1+ 61.Kb6 Qd4+ 62.Qc5 Qf4 63.h3 Kh5
64.b5 Kh4 65.Qc8 Qd6+ 66.Ka7 Qa3+ 67.Kb7 Qxh3 68.Qh8+ Kg3 69.Qxh3+  1/2-1/2

[Event "ch-SLO"]
[Site "Grize SLO"]
[Date "2001.10.01"]
[Round "1"]
[White "Sakelsek,T"]
[Black "Vombek,D"]
[Result "1/2-1/2"]
[WhiteElo "2202"]
[BlackElo "2309"]

1.e4 c5 2.Nf3 d6 3.d4 cxd4 4.Nxd4 Nf6 5.Nc3 a6 6.f3 e5 7.Nb3 Be6 8.Be3 Nbd7
9.Qd2 Be7 10.g4 Qc7 11.g5 Nh5 12.O-O-O O-O 13.Rg1 b5 14.Qf2 Rab8 15.Nd5 Bxd5
16.exd5  1/2-1/2